Introducción a la mecánica de los fluidos
Gespeichert in:
| Hauptverfasser: | , |
|---|---|
| Format: | Buch |
| Sprache: | Spanisch |
| Veröffentlicht: |
Madrid
Prentice-Hall Internacional
1974
|
| Schlagworte: | |
| Tags: |
Tag hinzufügen
Keine Tags, Fügen Sie den ersten Tag hinzu!
|
MARC
| LEADER | 00000nam a2200000 a 4500 | ||
|---|---|---|---|
| 001 | UCV3659 | ||
| 003 | CL-VaPUC | ||
| 008 | 900117e19740000SP |||||||||||||||||spa|d | ||
| 082 | 0 | 4 | |a 532 |b JOH |2 21 |
| 100 | 0 | |a John, James E. A |e author |9 297938 | |
| 700 | 0 | |a Haberman, William L |e author |9 297939 | |
| 245 | 1 | 0 | |a Introducción a la mecánica de los fluidos |
| 300 | |a 448 p | ||
| 942 | |c BK | ||
| 945 | |d 19900117 00:00:00 | ||
| 260 | |a Madrid |b Prentice-Hall Internacional |c 1974 | ||
| 650 | 0 | |a Mecánica de fluidos |9 259464 | |
| 583 | |a last modification |c 19900117 00:00:00 |k Rodrigo Vera | ||
| 999 | |c 210806 |d 210804 | ||
| 952 | |0 0 |1 0 |4 0 |6 532_000000000000000_JOH_1974 |7 0 |8 A |9 187623 |a BIBALI |b BIBALI |c RES |d 2019-11-14 |i 2552183 |l 1 |o 532 JOH 1974 |p 2552183 |r 2025-01-20 |s 2023-08-11 |w 2019-11-14 |y BK_R |k ALI | ||